Pokemon Sword and Shield Dex - Statistics

General Stats
  • This quiz has been taken 11 times
  • The average score is 23 of 113
Answer Stats
Answer % Correct
Sobble
78%
Zacian
78%
Zamazenta
78%
Raboot
67%
Cinderace
56%
Grookey
56%
Scorbunny
56%
Eternatus
44%
Inteleon
44%
Rillaboom
44%
Thwackey
44%
Yamper
44%
Boltund
33%
Chewtle
33%
Corviknight
33%
Dottler
33%
Drizzile
33%
Rookidee
33%
Skwovet
33%
Arrokuda
22%
Blipbug
22%
Calyrex
22%
Carkol
22%
Copperajah
22%
Cufant
22%
Drednaw
22%
Dubwool
22%
Eldegoss
22%
Gossifleur
22%
Grimmsnarl
22%
Impidimp
22%
Kubfu
22%
Linoone
22%
Meowth
22%
Morpeko
22%
Obstagoon
22%
Orbeetle
22%
Regidrago
22%
Regieleki
22%
Rolycoly
22%
Scyther
22%
Sirfetch'd
22%
Urshifu
22%
Wooloo
22%
Zarude
22%
Zigzagoon
22%
Alcremie
11%
Appletun
11%
Applin
11%
Arctovish
11%
Arctozolt
11%
Barraskewda
11%
Basculegion
11%
Basculin
11%
Centiskorch
11%
Clobbopus
11%
Coalossal
11%
Corsola
11%
Corvisqure
11%
Cramorant
11%
Cursola
11%
Dracovish
11%
Dracozolt
11%
Dragapult
11%
Drakloak
11%
Dreepy
11%
Duraludon
11%
Eiscue
11%
Enamorus
11%
Falinks
11%
Farfetch'd
11%
Flapple
11%
Frosmoth
11%
Glastrier
11%
Grapploct
11%
Greedet
11%
Hatenna
11%
Hatterene
11%
Hattrem
11%
Indeedee
11%
Kleavor
11%
Melmetal
11%
Meltan
11%
Milcery
11%
Mime. Jr.
11%
Morgrem
11%
Mr. Mime
11%
Mr. Rime
11%
Nickit
11%
Overqwil
11%
Perrserker
11%
Pincurchin
11%
Polteageist
11%
Qwilfish
11%
Runerigus
11%
Sandaconda
11%
Silicobra
11%
Sinistea
11%
Sizzlipede
11%
Sneasel
11%
Sneasler
11%
Snom
11%
Spectrier
11%
Stantler
11%
Stonjourner
11%
Teddiursa
11%
Thievul
11%
Toxel
11%
Toxtricity
11%
Ursaluna
11%
Ursaring
11%
Wyrdeer
11%
Yamask
11%
No matching quizzes found
Score Distribution
Percent of People with Each Score
Percentile by Number Answered
Your Score History
You have not taken this quiz